000 00790nam a2200229 i 4500
001 46331
003 ES-MaACL
005 20250804225428.0
007 t|
008 030328s1971 sp ||||1| spa d
245 0 0 _aComunidades de base /
_cGonzález Ruiz ... [y otros] ; edición preparada por Casiano Floristán ; [traducción de los textos franceses por Daniel Vidal].
260 _aMadrid :
_bMarova,
_c[1971]
300 _a229 p. ;
_c21 cm.
490 1 _aChristus Pastor
650 7 _aComunidades de base
_2embne
_9166086
700 1 _aGonzález Ruiz, José María.
_958943
700 1 _aFloristán, Casiano (
_d1926-2006)
_951340
700 1 _aVidal, Daniel.
_9114417
830 0 _aChristus Pastor
_9182711
852 _aES-MaACL
_jC-46408
_bR.77215
999 _c46331
_d46331